000 01031nam0a22003131 4500
001 rc\203526
005 20221111151329.0
010 _a5-02-017917-5
_9500
035 _a(NLR Aleph) 005455780
090 _a4905450
_c4905450
100 _a20030307d1996 u |0rusy50 ca
101 0 _arus
102 _aRU
105 _ay |||||||||
200 1 _aНациональная идея и просветительство в Корее в начале XX века
210 _aМ.
_cИзд. фирма "Вост. лит."
_d1996
215 _a229, [2] с.
_d21
225 1 _aИсследования по Корее
320 _aБиблиогр.: с. 225-230 (156 назв.)
700 1 _aТягай
_bГ. Д.
_f1922-
_gГалина Давыдовна
701 1 _aПак
_bВ. П.
_gВадим Павлович
801 0 _aRU
_bNLR
_gpsbo
801 1 _aRU
_bELAR
_2rusmarc
852 _aNLR
_bОЛСАА-сл-спр
_j3-5018
852 _aNLR
_j97-5/730
942 _cBOOK
980 1 _aSL_SPR
980 _aNB